| 000 | 00696nam a2200169 a 4500 | ||
|---|---|---|---|
| 008 | 130909s2005 ||||||||||||||||| || u | ||
| 020 | _a9780130333445 | ||
| 050 | _aQE 720 BEL | ||
| 100 | _aBell, Martin | ||
| 245 | 1 | 0 |
_aLate quaternary environmental change: physical and human perspectives. --2nd ed. _cby Martin Bell and Michael J.C Walker |
| 250 | _a2nd ed. | ||
| 260 |
_aHarlow Essex: _bPearson Education Limited _c2005 |
||
| 300 | _axix, 348p.: ill. | ||
| 650 | _aPALEOCLIMATOLOGY--QUATERNARY | ||
| 650 | _aPALEOECOLOGY--QUATERNARY | ||
| 995 |
_FCBU-MAIN LIBRARY (Kitwe) _M1 _UAVAILABLE _WSep 24, 2013 _ZMain Library Open Access Collection |
||
| 999 |
_c48900 _d48900 |
||